Statistiques concernant Classement de la Ligue 2 2021-2022

Cliquez ici pour prendre le quiz!

Statistiques générales

  • Ce quiz a été pris 68 fois
  • Le résultat moyen est 14 sur 20

Statistiques - réponses

ClassementClub% Correct
3Auxerre (74 pts)
96%
1
Toulouse (79 pts)
93%
2Ajaccio (75 pts)
88%
8Le Havre (50 pts)
79%
4Paris FC (70 pts)
77%
7Caen (50 pts)
70%
18Quevilly (40 pts)
68%
5Sochaux (68 pts)
67%
20Nancy (27 pts)
65%
13Niort (46 pts)
65%
16Valenciennes (44 pts)
65%
12Bastia (46 pts)
63%
9Nîmes (49 pts)
61%
10Pau (49 pts)
61%
17Rodez (43 pts)
61%
15Grenoble (44 pts)
60%
6Guingamp (58 pts)
60%
19Dunkerque (31 pts)
58%
14Amiens (44 pts)
56%
11Dijon (47 pts)
56%

Distribution des résultats

Percentile par nombre de réponses

% des personnes avec chaque résultat

Votre développement - résultats

Vous n’avez pas pris ce quiz